<?xml version="1.0" encoding="UTF-8"?>
<collection xmlns="http://www.loc.gov/MARC21/slim">
 <record>
  <leader>00860pamaa2200253   4500</leader>
  <controlfield tag="001">0000049924</controlfield>
  <controlfield tag="005">20141209090000.0</controlfield>
  <controlfield tag="008">120120                             eng  </controlfield>
  <datafield tag="020" ind1="0" ind2="0">
   <subfield code="a">1556424159 (pbk.) </subfield>
  </datafield>
  <datafield tag="020" ind1="0" ind2="0">
   <subfield code="a">9781556424151 (pbk.) </subfield>
  </datafield>
  <datafield tag="090" ind1="0" ind2="0">
   <subfield code="a">RG129.P45 </subfield>
   <subfield code="b">STE 2000</subfield>
  </datafield>
  <datafield tag="100" ind1="1" ind2="0">
   <subfield code="a">Stephenson </subfield>
  </datafield>
  <datafield tag="245" ind1="1" ind2="0">
   <subfield code="a">Obstetric and gynecologic care in physical therapy  </subfield>
   <subfield code="c">Rebecca G. Stephenson, Linda J. O'Connor.</subfield>
  </datafield>
  <datafield tag="250" ind1="0" ind2="0">
   <subfield code="a">2nd ed.</subfield>
  </datafield>
  <datafield tag="260" ind1="0" ind2="0">
   <subfield code="a">Thorofare, NJ: </subfield>
   <subfield code="b">Slack, Inc., </subfield>
   <subfield code="c">2000.</subfield>
  </datafield>
  <datafield tag="300" ind1=" " ind2=" ">
   <subfield code="a">xvi, 322 p.: </subfield>
   <subfield code="b">ill.; </subfield>
   <subfield code="c">26 cm.</subfield>
  </datafield>
  <datafield tag="500" ind1="0" ind2="0">
   <subfield code="a">First edition: Obstetrics and gynecologic care in physical therapy / Linda J. O'Connor</subfield>
  </datafield>
  <datafield tag="501" ind1="0" ind2="0">
   <subfield code="a">FMHS</subfield>
  </datafield>
  <datafield tag="504" ind1="0" ind2="0">
   <subfield code="a">Includes bibliographical references and index</subfield>
  </datafield>
  <datafield tag="650" ind1="0" ind2="0">
   <subfield code="a">Physical therapy </subfield>
  </datafield>
  <datafield tag="650" ind1="0" ind2="0">
   <subfield code="a">Prenatal care </subfield>
  </datafield>
  <datafield tag="650" ind1="0" ind2="0">
   <subfield code="a">Pregnant women </subfield>
  </datafield>
  <datafield tag="700" ind1="1" ind2="1">
   <subfield code="a">O'Connor, </subfield>
   <subfield code="h">Linda J. </subfield>
  </datafield>
  <datafield tag="901" ind1=" " ind2=" ">
   <subfield code="u">www.slackkinc.com</subfield>
  </datafield>
 </record>
</collection>
